000 00612nam a2200229Ia 4500
003 OSt
005 20220928124407.0
006 a|||||r|||| 00| 0
007 ta
008 220927b |||||||| |||| 00| 0 eng d
024 _a44515
037 _cTextual
040 _aSDCL
_cSDCL
_beng
041 _2eng
_aeng
082 _aX6516.1'N9, N7
100 _aPhilips George A
_9464853
245 0 _aConvertible bond markets.
260 _aHampshire
_bMcmillan Business
_c1997
300 _axvi,144p
_ccm.
942 _hX6516.1'N9, N7
_cTEXL
_2CC
999 _c777753
_d777753